[Event "Wiesbaden op 26th"]
[Site "Wiesbaden"]
[Date "2014.08.29"]
[Round "2"]
[White "Meier, Alexander"]
[Black "Wachsmann, Dietmar"]
[Result "0-1"]
[WhiteElo "1345"]
[BlackElo "1760"]
[PlyCount "82"]
[EventDate "2014.08.28"]
[EventType "swiss"]
[EventRounds "7"]
[EventCountry "GER"]
[SourceTitle "CBM 162 Extra"]
[Source "ChessBase"]
[SourceDate "2014.10.17"]
[SourceVersion "1"]
[SourceVersionDate "2014.10.17"]
[SourceQuality "1"]

1. e4 d6 2. d4 Nf6 3. Nc3 e5 4. dxe5 dxe5 5. Qxd8+ Kxd8 6. Nf3 Bd6 7. Bc4 Be6 8. Bxe6 fxe6 9. 0-0 Nc6 10. a3 Ke7 11. Bg5 h6 12. Bd2 Rag8 13. Rfe1 g5 14. g3 Nh7 15. Be3 h5 16. Nb5 g4 17. Nh4 Ng5 18. Bxg5+ Rxg5 19. Nxd6 cxd6 20. c3 d5 21. exd5 exd5 22. b4 e4 23. Rad1 Ne5 24. Rd4 Rc8 25. Rc1 Ke6 26. Rdd1 Rg7 27. Rc2 Rgc7 28. Rdc1 Nd3 29. Ra1 Rxc3 30. Rxc3 Rxc3 31. Ng2 Rc2 32. Rf1 d4 33. Nf4+ Nxf4 34. gxf4 Kf5 35. Rd1 d3 36. Kg2 Kxf4 37. a4 h4 38. b5 h3+ 39. Kg1 Kf3 40. Rf1 d2 41. Rd1 Rc1 0-1

[Event "AUT-chT2W 1314"]
[Site "Austria"]
[Date "2014.01.17"]
[Round "6.2"]
[White "Novkovic, Milan"]
[Black "Meier, Alexander"]
[Result "1/2-1/2"]
[WhiteElo "2390"]
[BlackElo "2163"]
[PlyCount "90"]
[EventDate "2013.10.18"]
[EventType "team-tourn"]
[EventRounds "11"]
[EventCountry "AUT"]
[SourceTitle "EXT 2015"]
[Source "ChessBase"]
[SourceDate "2014.11.20"]
[SourceVersion "1"]
[SourceVersionDate "2014.11.20"]
[SourceQuality "1"]
[WhiteTeam "Hohenems II"]
[BlackTeam "Pradl"]
[WhiteTeamCountry "AUT"]
[BlackTeamCountry "AUT"]

1. c4 e5 2. e3 d6 3. d4 c6 4. Nc3 Be7 5. g3 Nf6 6. Bg2 0-0 7. Nge2 Bf5 8. h3 Na6 9. 0-0 h6 10. e4 Bh7 11. Be3 exd4 12. Qxd4 Re8 13. Rad1 Bf8 14. g4 Nb4 15. Qd2 a5 16. Ng3 Qc7 17. Bf4 Na6 18. Bxd6 Bxd6 19. Qxd6 Qb6 20. Qd2 Nc5 21. Rfe1 Qb4 22. Qe2 a4 23. a3 Qb3 24. f4 Nfd7 25. Nf5 Bxf5 26. gxf5 Nb6 27. Bf1 Rad8 28. e5 Rxd1 29. Rxd1 Nc8 30. h4 Ne7 31. Bh3 Kh8 32. h5 Ng8 33. Kh1 f6 34. Bf1 Qb6 35. Re1 Qc7 36. Qe3 b6 37. Bg2 fxe5 38. fxe5 Qf7 39. Qh3 Qxc4 40. Bxc6 Nd3 41. Bxe8 Nf2+ 42. Kg2 Nxh3 43. Kxh3 Qf4 44. Re2 Qxf5+ 45. Kg3 Qg5+ 1/2-1/2

[Event "AUT-chT2W 1314"]
[Site "Austria"]
[Date "2013.10.19"]
[Round "2.3"]
[White "Platzgummer, Fabian"]
[Black "Meier, Alexander"]
[Result "1-0"]
[WhiteElo "2311"]
[BlackElo "2163"]
[PlyCount "62"]
[EventDate "2013.10.18"]
[EventType "team-tourn"]
[EventRounds "11"]
[EventCountry "AUT"]
[SourceTitle "EXT 2014"]
[Source "ChessBase"]
[SourceDate "2013.11.20"]
[SourceVersion "1"]
[SourceVersionDate "2013.11.20"]
[SourceQuality "1"]
[WhiteTeam "Zillertal"]
[BlackTeam "Pradl"]
[WhiteTeamCountry "AUT"]
[BlackTeamCountry "AUT"]

1. Nf3 g6 2. e4 Bg7 3. d4 d6 4. Bc4 Nf6 5. Qe2 0-0 6. e5 Ne8 7. h3 c5 8. c3 d5 9. Bd3 b6 10. Be3 Nd7 11. h4 f5 12. h5 Nc7 13. Ng5 Re8 14. e6 Nf6 15. Nf7 Qd6 16. Nxd6 exd6 17. hxg6 hxg6 18. g3 Nxe6 19. Nd2 Ng4 20. Nf3 a6 21. 0-0-0 b5 22. Qd2 Bb7 23. Kb1 Bc6 24. Rc1 a5 25. Ng5 Nxe3 26. Nxe6 Rxe6 27. fxe3 c4 28. Bc2 Rb8 29. g4 b4 30. gxf5 Re7 31. cxb4 axb4 1-0